| 000 | 01084nam a2200349 i 4500 | ||
|---|---|---|---|
| 001 | bg | ||
| 100 | 1 | _aNICKELS, William G. | |
| 245 | 1 | 0 |
_aZrozumieć biznes / _cWilliam G. Nickles ; przekł. [z ang.] Piotr Cap [et al.]. |
| 246 | 1 |
_iTyt. oryg. : _aUnderstanding business |
|
| 260 |
_aWarszawa : _bBellona : _bRytm, _c1995. |
||
| 300 |
_a757, [1] s. : _bportr. ; _c27 cm. |
||
| 490 | 1 | _aUniwersalny Podręcznik | |
| 500 | _aOryg. : "Understanding business". | ||
| 650 | 9 | _aEkonomia polityczna | |
| 650 | 9 | _aZarządzanie | |
| 650 | 9 | _aMarketing | |
| 650 | 9 | _aPrawo handlowe | |
| 650 | 9 |
_aPrzedsiębiorstwo _xfinanse |
|
| 650 | 9 |
_aPrzedsiębiorstwo _xorganizacja |
|
| 650 | 9 | _aRachunkowość | |
| 655 | _aPodręczniki | ||
| 830 | _aUniwersalny Podręcznik | ||
| 020 | _a8311084637 ("Bellona") | ||
| 020 | _a8386678143 ("Rytm") | ||
| 040 | _cBPK | ||
| 041 | 1 |
_apl _heng |
|
| 080 | _a005:658.1/.5:339.13:657:330:347.7](07) | ||
| 920 | _a83-11-08463-7 ("Bellona") | ||
| 920 | _a83-86678-14-3 ("Rytm") | ||
| 942 | _cKS | ||
| 008 | s pl f |000 0 pol | ||
| 999 |
_c32491 _d32491 |
||
| 856 |
_uhttp://koha.tu.koszalin.pl/cgi-bin/koha/opac-detail.pl?biblionumber=32491 _yKatalog online BPK |
||